| 000 | 01071cam a2200337 4500 | ||
|---|---|---|---|
| 008 | 090401t1998 xxu||||| |||| 00| 0 eng d | ||
| 020 | _a0419234403 | ||
| 035 | _a(Sirsi) u86498 | ||
| 041 | _aeng | ||
| 050 | _a692.8 | ||
| 100 | _aChappell, David | ||
| 245 | _aUnderstanding JCT standard building contracts. | ||
| 250 | _a5th ed. | ||
| 260 |
_aLondon _bE & F N Spon _c1998 |
||
| 300 | _aviii,118p. ; 23cm. | ||
| 350 | _a15.99 | ||
| 520 | _aSUPERSEDED BY 6TH ED 2000 (0415231078) | ||
| 650 | _aAGREEMENT FOR MINOR BUILDING WORKS 1980 | ||
| 650 | _aMANAGEMENT-DISPUTE AVOIDANCE, MANAGEMENT AND RESOLUTION-DISPUTE MANAGEMENT AND RESOLUTION-ARBITRATION | ||
| 650 | _aBUILT ENVIRONMENT-BUILDING CONTRACT FORMS | ||
| 650 | _aCLAIMS | ||
| 650 | _aIFC 84 | ||
| 650 |
_aInsurance _96249 |
||
| 650 | _aINTERMEDIATE FORM OF BUILDING CONTRACT 1984 | ||
| 650 | _aJCT 80 | ||
| 650 | _aMW80 | ||
| 650 | _aSTANDARD FORM OF BUILDING CONTRACT WITH QUANTITIES 1980 | ||
| 690 | _aBUILT ENVIRONMENT-BUILDING CONTRACT FORMS | ||
| 942 | _n0 | ||
| 948 | _c01/06/1998 | ||
| 999 |
_c97139 _d97139 |
||